| 000 | 00916nmc a2200337 a 4500 | ||
|---|---|---|---|
| 003 | AR-BaBNM | ||
| 005 | 20251128205558.0 | ||
| 008 | 168019s1993 ||||||||||||||000 | spa|| | ||
| 020 | _a84-7738-201-8 | ||
| 040 | _cAR-BaBNM | ||
| 100 | 1 | _aGonzález Wagner, Carlos | |
| 245 | 1 | 0 |
_aEl próximo Oriente Antiguo _nI |
| 260 |
_aMadrid _bSíntesis _c1993 |
||
| 300 | 0 |
_a212 p. _bmapas, tablas |
|
| 490 | 0 |
_aHistoria Universal. Antigua _vv. 2 |
|
| 500 | 0 | _aApéndice para consultar p. 199-205 | |
| 504 | _aBibliografía p. 207-212 | ||
| 650 | 4 | _aRELIGION | |
| 650 | 4 | _aCIVILIZACIONES ANTIGUAS | |
| 650 | 4 | _aHISTORIA DE LA FILOSOFIA | |
| 650 | 4 | _aHISTORIA POLITICA | |
| 650 | 4 | _aEDUCACION | |
| 650 | 4 | _aJUDIOS | |
| 650 | 4 | _aHISTORIA DE LAS RELIGIONES | |
| 651 | 4 | _aOriente | |
| 651 | 4 | _aIsrael | |
| 800 | 1 | _aPlácido, Domingo | |
| 800 | 1 | _aAlvar Ezquerra, Jaime | |
| 942 | _cBK | ||
| 998 | _cMariana | ||
| 999 |
_c11981 _d11981 |
||